Sports Quiz

Random Sports or MLB Quiz

Barry Bonds' Playoff Opponents Quiz Stats

 Plays Quiz not verified by Sporcle

Score 0/6 Timer 00:45
0 Plays Today
% Correct
Braves
93.4%
Angels
91.8%
Cardinals
80.3%
Mets
73.8%
Marlins
62.3%
Reds
50.8%

You're not logged in!

Compare scores with friends on all Sporcle quizzes.
OR
Log In

Sporcle TV

Today on Sporcle TV


Watch our educational content, quiz creation guides, and fun videos on Sporcle TV.

Show Comments

Extras

Top Quizzes Today


Score Distribution

Your Account Isn't Verified!

In order to create a playlist on Sporcle, you need to verify the email address you used during registration. Go to your Sporcle Settings to finish the process.

Report this User

Report this user for behavior that violates our Community Guidelines.

Details: